कुछ यादें कुछ किताबें / (Record no. 212776)

MARC details
000 -LEADER
fixed length control field 00866nam a22002057a 4500
005 - DATE AND TIME OF LATEST TRANSACTION
control field 20250801114326.0
010 ## - LCCN (DPL NO)
LC control number HIN-130089
020 ## - INTERNATIONAL STANDARD BOOK NUMBER
International Standard Book Number 9788198230454
Terms of availability 275.00
020 ## - INTERNATIONAL STANDARD BOOK NUMBER
International Standard Book Number 9788198230454
Terms of availability 275.00
035 ## - SYSTEM CONTROL NUMBER
System control number HN-102435
037 ## - SOURCE OF ACQUISITION
Source of stock number/acquisition DBAD
082 ## - DEWEY DECIMAL CLASSIFICATION NUMBER
Classification number 820.08
100 ## - MAIN ENTRY--PERSONAL NAME
Personal name बडोनी,शशिभूषण
245 ## - TITLE STATEMENT
Title कुछ यादें कुछ किताबें /
Statement of responsibility, etc शशिभूषण बडोनी
250 ## - EDITION STATEMENT
Edition statement प्रथम
260 ## - PUBLICATION, DISTRIBUTION, ETC. (IMPRINT)
Place of publication, distribution, etc ऋषिकेश, देहरादून
Name of publisher, distributor, etc काव्यांश प्रकाशन
270 ## - ADDRESS
Address वशिष्ट सदन , 72 रेलवे रोड ऋषिकेश, देहरादून
City देहरादून
Postal code 249201
300 ## - PHYSICAL DESCRIPTION
Extent 199पृ.
Dimensions 22सेमी(अजिल्द)
942 ## - ADDED ENTRY ELEMENTS (KOHA)
Source of classification or shelving scheme Dewey Decimal Classification
Item type Hindi Books
Classification part 820.08
Call number suffix बडोन
Holdings
Withdrawn status Lost status Not for loan Collection code Home library Current library Date acquired Source of acquisition Cost, normal purchase price Full call number Barcode Copy number Cost, replacement price Koha item type
      Non-fiction Sarojini Nagar Sarojini Nagar 01/08/2025 DBAD 275.00 820.08 बडोन HN-102435 1 275.00 Hindi Books

© Delhi Public Library
Hit Counter
free hit counter